Let's have a little talk about tweetle beetles... Quiz Stats

 Plays Quiz not verified by Sporcle

Challenge
Share
Tweet
Embed
Score 0/42 Timer 03:00
0 Plays Today
When.... its called a.... % Correct
When tweetle beetles fight it's called a...tweetle
100%
They battle in a puddletweetle
100%
The battle puddle is a puddle in a bottletweetle
100%
Tweetle beetles battle with paddles in a puddletweetle
100%
The bottle's on a poodle and the poodle's eating noodlestweetle
100%
When a fox is in the bottle where the tweetle beetles battle with their paddles in a puddle on a noodle-eating poodle tweetle
100%
The battle puddle is a puddle in a bottlebeetle
97.9%
When tweetle beetles fight it's called a...battle
97.9%
When tweetle beetles fight it's called a...beetle
97.9%
They battle in a puddlebeetle
97.9%
They battle in a puddlebattle
97.9%
They battle in a puddlepuddle
97.9%
Tweetle beetles battle with paddles in a puddlebeetle
97.9%
Tweetle beetles battle with paddles in a puddlebattle
97.9%
Tweetle beetles battle with paddles in a puddlepuddle
97.9%
The bottle's on a poodle and the poodle's eating noodlespuddle
97.9%
The battle puddle is a puddle in a bottlepuddle
97.9%
The battle puddle is a puddle in a bottlebattle
97.9%
The bottle's on a poodle and the poodle's eating noodlesbeetle
97.9%
The bottle's on a poodle and the poodle's eating noodlesbattle
97.9%
When a fox is in the bottle where the tweetle beetles battle with their paddles in a puddle on a noodle-eating poodle beetle
97.9%
When.... its called a.... % Correct
Tweetle beetles battle with paddles in a puddlepaddle
95.7%
The battle puddle is a puddle in a bottlebottle
95.7%
The battle puddle is a puddle in a bottlepaddle
95.7%
The bottle's on a poodle and the poodle's eating noodlespoodle
95.7%
The bottle's on a poodle and the poodle's eating noodlesnoodle
95.7%
The bottle's on a poodle and the poodle's eating noodlesbottle
95.7%
The bottle's on a poodle and the poodle's eating noodlespaddle
95.7%
When a fox is in the bottle where the tweetle beetles battle with their paddles in a puddle on a noodle-eating poodle noodle
95.7%
When a fox is in the bottle where the tweetle beetles battle with their paddles in a puddle on a noodle-eating poodle poodle
95.7%
When a fox is in the bottle where the tweetle beetles battle with their paddles in a puddle on a noodle-eating poodle fox
89.4%
When a fox is in the bottle where the tweetle beetles battle with their paddles in a puddle on a noodle-eating poodle in
89.4%
When a fox is in the bottle where the tweetle beetles battle with their paddles in a puddle on a noodle-eating poodle socks
87.2%
The battle puddle is a puddle in a bottlemuddle
76.6%
The bottle's on a poodle and the poodle's eating noodlesmuddle
76.6%
When a fox is in the bottle where the tweetle beetles battle with their paddles in a puddle on a noodle-eating poodle sir!
72.3%
When a fox is in the bottle where the tweetle beetles battle with their paddles in a puddle on a noodle-eating poodle fuddled
63.8%
When a fox is in the bottle where the tweetle beetles battle with their paddles in a puddle on a noodle-eating poodle muddled
55.3%
When a fox is in the bottle where the tweetle beetles battle with their paddles in a puddle on a noodle-eating poodle duddled
55.3%
When a fox is in the bottle where the tweetle beetles battle with their paddles in a puddle on a noodle-eating poodle wuddled
55.3%
When a fox is in the bottle where the tweetle beetles battle with their paddles in a puddle on a noodle-eating poodle paddled
48.9%
When a fox is in the bottle where the tweetle beetles battle with their paddles in a puddle on a noodle-eating poodle bottled
42.6%

You're not logged in!

Compare scores with friends on all Sporcle quizzes.
Join for Free
OR
Log In

You Might Also Like...

Show Comments

Extras

Top Quizzes Today


Score Distribution

Your Account Isn't Verified!

In order to create a playlist on Sporcle, you need to verify the email address you used during registration. Go to your Sporcle Settings to finish the process.

Report this User

Report this user for behavior that violates our Community Guidelines.

Details: